LDR 00851naa#a2200181#i#450# 001 RU\\bibl\126919 005 20260703012949.5 011 ## _a2227-1171 100 ## _a20260630b2026####ek#y0rusy0150####ca 102 ## _aRU 200 1# _aГОСУДАРСТВЕННАЯ ИНФОРМАЦИОННАЯ СИСТЕМА ПРОТИВОДЕЙСТВИЯ КИБЕРПРЕСТУПЛЕНИЯМ: ПРОБЛЕМЫ И ПЕРСПЕКТИВЫ _eЖурнальная статья 210 1# _aКазань _cКазанский юридический институт МВД России _d2026 215 ## _a6 с. 608 ## _aЖурнальная статья _2local 675 ## _aКриминология. Криминалистика. 343.9 _z 700 #1 _aЗиннуров _gФоат Канафиевич 700 #1 _aШавалеев _gБулат Эдуардович 856 4# _avestnikkui.ru _u